Ética globalizada e sociedade de consumo (Record no. 74536)

MARC details
000 -LÍDER
campo de controle de tamanho fixo 00412 a2200157 4500
001 - NÚMERO DE CONTROLE
campo de controle 74536
020 ## - ISBN - INTERNATIONAL STANDARD BOOK NUMBER
ISBN - International Standard Book Number 851604178-6
040 ## - FONTE DA CATALOGAÇÃO
Instituição que transcreveu o registro Anchieta - Colégio São Paulo
100 ## - ENTRADA PRINCIPAL--NOME PESSOAL
Nome pessoal Chiavenato, Júlio josé
240 10 - TÍTULO UNIFORME
Título uniforme Ética globalizada e sociedade de consumo
Idioma da obra por
245 10 - TÍTULO
Título Ética globalizada e sociedade de consumo
300 ## - DESCRIÇÃO FÍSICA
Extensão 96
362 0# - DATAS DE PUBLICAÇÃO E/OU DESIGNAÇÃO SEQUENCIAL
Datas de publicação e/ou designação sequencial 2007
650 #4 - ASSUNTO--TERMO TÓPICO
Cabeçalho tópico ou nome geográfico Cultura das instituições
942 ## - ELEMENTOS DE ENTRADA ADICIONADOS (KOHA)
Tipo de material Koha Livros
Holdings
Situação do descarte Situação das perdas Situação física Não pode ser emprestado Biblioteca de origem Biblioteca atual Data de aquisição Total de empréstimos Número de chamada completo Código de barras Data de último acesso Data do preço efetivo Tipo de material Koha
        Colégio São Paulo Colégio São Paulo 22/11/2023   306 C532e 5243/CSP 22/11/2023 22/11/2023 Livros